<?xml version='1.0' encoding='UTF-8'?>
  <record xmlns="http://www.loc.gov/MARC21/slim">
    <leader>00000cam a22000007i 4500</leader>
    <controlfield tag="001">ocm67814724</controlfield>
    <controlfield tag="003">OCoLC</controlfield>
    <controlfield tag="005">20250220164212.3</controlfield>
    <controlfield tag="008">990315s1585    gw            000 p ger d</controlfield>
    <datafield tag="040" ind1=" " ind2=" ">
      <subfield code="a">NLGGC</subfield>
      <subfield code="b">eng</subfield>
      <subfield code="e">rda</subfield>
      <subfield code="e">dcrmr</subfield>
      <subfield code="c">NLGGC</subfield>
      <subfield code="d">OCLCL</subfield>
      <subfield code="d">QGJ</subfield>
      <subfield code="d">OCLCO</subfield>
      <subfield code="d">QGJ</subfield>
      <subfield code="d">OCLCA</subfield>
    </datafield>
    <datafield tag="029" ind1="0" ind2=" ">
      <subfield code="a">NLGGC</subfield>
      <subfield code="b">181122510</subfield>
    </datafield>
    <datafield tag="035" ind1=" " ind2=" ">
      <subfield code="a">(OCoLC)67814724</subfield>
    </datafield>
    <datafield tag="100" ind1="1" ind2=" ">
      <subfield code="a">Holzmann, Daniel,</subfield>
      <subfield code="d">1546-1613,</subfield>
      <subfield code="e">author.</subfield>
      <subfield code="4">aut</subfield>
      <subfield code="1">https://id.oclc.org/worldcat/entity/E39PCjF3VRxMyXkv87BfcwPJDq</subfield>
    </datafield>
    <datafield tag="245" ind1="1" ind2="0">
      <subfield code="a">Erschröckliche Zeittung Von den Achtunddreissig Vbelthätern inn der Rauber Geselschafft, so die Haussnopper genandt, Welche zu Wien in Oesterreich mit dem Rad, Spiess, Schwert, vnd strang gericht worden seind. :</subfield>
      <subfield code="b">Gesangweiss gestelt, wie man die Auffrhur von Olmitz singt. /</subfield>
      <subfield code="c">Durch Danieln Holtzmann, Teutschen Poeten zu Wien in Truck verfertigt.</subfield>
    </datafield>
    <datafield tag="246" ind1="3" ind2=" ">
      <subfield code="a">Erschröckliche Zeittung Von den Achtvnddreissig Ubelthätern inn der Rauber Geselschafft, so die Haussnopper genandt, welche zu Wien in Oesterreich mit dem Rad, Spiess, Schwert, und Strang gericht worden seind</subfield>
    </datafield>
    <datafield tag="246" ind1="1" ind2=" ">
      <subfield code="i">First line of text:</subfield>
      <subfield code="a">Ihr Reichen und ihr Armen, so ihr seid Christen Leut</subfield>
    </datafield>
    <datafield tag="264" ind1=" " ind2="1">
      <subfield code="a">Getruckt zu Augspurg, :</subfield>
      <subfield code="b">durch Josiam Werlin.,</subfield>
      <subfield code="c">Anno M.D.LXXXV. [1585]</subfield>
    </datafield>
    <datafield tag="300" ind1=" " ind2=" ">
      <subfield code="a">[8] leaves ;</subfield>
      <subfield code="c">15 cm (8vo)</subfield>
    </datafield>
    <datafield tag="336" ind1=" " ind2=" ">
      <subfield code="a">text</subfield>
      <subfield code="b">txt</subfield>
      <subfield code="2">rdacontent</subfield>
    </datafield>
    <datafield tag="337" ind1=" " ind2=" ">
      <subfield code="a">unmediated</subfield>
      <subfield code="b">n</subfield>
      <subfield code="2">rdamedia</subfield>
    </datafield>
    <datafield tag="338" ind1=" " ind2=" ">
      <subfield code="a">volume</subfield>
      <subfield code="b">nc</subfield>
      <subfield code="2">rdacarrier</subfield>
    </datafield>
    <datafield tag="340" ind1=" " ind2=" ">
      <subfield code="m">8vo</subfield>
      <subfield code="2">rdabf</subfield>
    </datafield>
    <datafield tag="500" ind1=" " ind2=" ">
      <subfield code="a">Place of publication and printer's name from colophon, which reads: Getruckt zu Augspurg, durch Josiam Werlin.</subfield>
    </datafield>
    <datafield tag="500" ind1=" " ind2=" ">
      <subfield code="a">Signatures: A⁸.</subfield>
    </datafield>
    <datafield tag="500" ind1=" " ind2=" ">
      <subfield code="a">With woodcut illustration on title page.</subfield>
    </datafield>
    <datafield tag="510" ind1="3" ind2=" ">
      <subfield code="a">Not in: Verzeichnis der im deutschen Sprachbereich erschienenen Drucke des 16. Jahrhunderts (VD 16)</subfield>
    </datafield>
    <datafield tag="650" ind1=" " ind2="0">
      <subfield code="a">Songs, German</subfield>
      <subfield code="y">16th century</subfield>
      <subfield code="v">Early works to 1800.</subfield>
    </datafield>
    <datafield tag="650" ind1=" " ind2="6">
      <subfield code="a">Chansons allemandes</subfield>
      <subfield code="y">16e siècle</subfield>
      <subfield code="v">Ouvrages avant 1800.</subfield>
    </datafield>
    <datafield tag="700" ind1="1" ind2=" ">
      <subfield code="a">Wörli, Josias,</subfield>
      <subfield code="d">approximately 1540-1599,</subfield>
      <subfield code="e">printer.</subfield>
      <subfield code="4">prt</subfield>
      <subfield code="1">https://id.oclc.org/worldcat/entity/E39PCjCjB3qJt9XJXTJMQbY4G3</subfield>
    </datafield>
    <datafield tag="752" ind1=" " ind2=" ">
      <subfield code="a">Germany</subfield>
      <subfield code="d">Augsburg,</subfield>
      <subfield code="e">publication place.</subfield>
      <subfield code="4">pup</subfield>
    </datafield>
    <datafield tag="758" ind1=" " ind2=" ">
      <subfield code="a">Erschröckliche Zeittung von den achtunddreissig Ubelthätern inn der Rauber Geselschafft, so die Haussnopper genandt, welche zu Wien in Oesterreich mit dem Rad, Spiess, Schwert, und Strang gericht worden seind (Text)</subfield>
      <subfield code="1">https://id.oclc.org/worldcat/entity/E39PD3gRbqwBwyKJDHFTqmq8WC</subfield>
      <subfield code="4">https://id.oclc.org/worldcat/ontology/hasWork</subfield>
    </datafield>
  </record>